[Event "Heart of Finland op 29th"]
[Site "Jyvaskyla"]
[Date "2019.07.16"]
[Round "3"]
[White "Pessi, Juha"]
[Black "Paakkonen, Timo"]
[Result "1/2-1/2"]
[WhiteElo "2058"]
[BlackElo "2230"]
[PlyCount "61"]
[EventDate "2019.07.15"]
[EventType "swiss"]
[EventRounds "9"]
[EventCountry "FIN"]
[SourceTitle "EXT 2021"]
[Source "ChessBase"]
[SourceDate "2020.10.23"]
[SourceVersion "1"]
[SourceVersionDate "2020.10.23"]
[SourceQuality "1"]

1. d4 c5 2. d5 e5 3. e4 d6 4. c4 Be7 5. Be3 Bg5 6. Qd2 Bxe3 7. Qxe3 Nf6 8. f3 0-0 9. Nc3 a6 10. Bd3 Nbd7 11. Nge2 Re8 12. 0-0 Nf8 13. a3 Ng6 14. b4 b6 15. Rfb1 Bd7 16. a4 a5 17. bxc5 bxc5 18. Nb5 Bc8 19. Rb2 Rf8 20. Rab1 Ne8 21. g4 Qh4 22. Nxd6 Nxd6 23. Qxc5 Bxg4 24. fxg4 Qxg4+ 25. Ng3 Nf4 26. Qxd6 Nxd3 27. Rb8 Raxb8 28. Rxb8 Qd1+ 29. Nf1 Qg4+ 30. Ng3 Qd1+ 31. Nf1 1/2-1/2

[Event "FIN-chT2 Gp2 1819"]
[Site "Finland"]
[Date "2019.01.12"]
[Round "6.2"]
[White "Pessi, Juha"]
[Black "Bederdin, Lauri"]
[Result "0-1"]
[WhiteElo "2087"]
[BlackElo "2030"]
[PlyCount "84"]
[EventDate "2018.09.15"]
[EventType "team-tourn"]
[EventRounds "6"]
[EventCountry "FIN"]
[SourceTitle "EXT 2020"]
[Source "ChessBase"]
[SourceDate "2019.10.17"]
[SourceVersion "1"]
[SourceVersionDate "2019.10.17"]
[SourceQuality "1"]
[WhiteTeam "Helsinki KS 58 II"]
[BlackTeam "Jarvenpaa SK"]
[WhiteTeamCountry "FIN"]
[BlackTeamCountry "FIN"]

1. d4 Nf6 2. Nf3 g6 3. g3 Bg7 4. Bg2 0-0 5. c4 d6 6. 0-0 c5 7. Nc3 Nc6 8. h3 cxd4 9. Nxd4 Nxd4 10. Qxd4 Be6 11. Qh4 Rb8 12. Be3 b6 13. Rac1 Qd7 14. b3 Rfc8 15. Rfd1 a6 16. a4 Qe8 17. Bd4 Nd7 18. Bxg7 Kxg7 19. Nd5 f6 20. Qd4 Bxd5 21. cxd5 Nc5 22. Qe3 a5 23. Rc3 b5 24. axb5 Rxb5 25. Ra1 Rcb8 26. Ra3 R8b7 27. Be4 Qg8 28. Bd3 Nxd3 29. Rxd3 Rxd5 30. Rd4 Rxd4 31. Qxd4 Rxb3 32. Rxa5 Qe6 33. Qd1 Rb2 34. e3 Qxh3 35. Qc1 Rb7 36. Ra1 h5 37. Qc6 Qd7 38. Qc4 Rb6 39. e4 Qb7 40. Ra4 Qc6 41. Qd4 Rb1+ 42. Kh2 Qc1 0-1

[Event "FIN-chT1 East 1314"]
[Site "Finland"]
[Date "2014.02.08"]
[Round "6.5"]
[White "Pessi, Juha"]
[Black "Sorvari, Jarmo"]
[Result "1-0"]
[WhiteElo "2078"]
[BlackElo "2031"]
[PlyCount "79"]
[EventDate "2013.09.21"]
[EventType "team-tourn"]
[EventRounds "9"]
[EventCountry "FIN"]
[SourceTitle "EXT 2022"]
[Source "ChessBase"]
[SourceDate "2021.10.06"]
[SourceVersion "1"]
[SourceVersionDate "2021.10.06"]
[SourceQuality "1"]
[WhiteTeam "Helsinki KS 58"]
[BlackTeam "Tampere Tammer II"]
[WhiteTeamCountry "FIN"]
[BlackTeamCountry "FIN"]

1. d4 Nf6 2. c4 e6 3. Nf3 Bb4+ 4. Nbd2 b6 5. g3 Bb7 6. Bg2 0-0 7. 0-0 Bxd2 8. Bxd2 d6 9. Rc1 Nbd7 10. Bb4 c5 11. Ba3 Qc7 12. b3 Rfd8 13. e3 Rac8 14. Qe2 Re8 15. Rfd1 Rcd8 16. Bb2 e5 17. Qd2 exd4 18. exd4 Ne4 19. Qf4 h6 20. h4 Re7 21. Rd3 Rde8 22. Rcd1 Ndf6 23. dxc5 dxc5 24. Qxc7 Rxc7 25. Rd8 Rce7 26. Ne5 Rxd8 27. Rxd8+ Ne8 28. a3 Kh7 29. Nxf7 N4f6 30. Ne5 Bxg2 31. Kxg2 g5 32. hxg5 hxg5 33. f3 Kh6 34. Kf2 Kh7 35. g4 Rc7 36. Kg3 Kh6 37. Rd1 Re7 38. f4 gxf4+ 39. Kxf4 Kh7 40. Rh1+ 1-0

[Event "FIN-chT1 East 1213"]
[Site "Finland"]
[Date "2013.02.09"]
[Round "6.6"]
[White "Pasanen, Tuomo Tapio"]
[Black "Pessi, Juha"]
[Result "1-0"]
[WhiteElo "1991"]
[BlackElo "2088"]
[PlyCount "43"]
[EventDate "2012.09.29"]
[EventType "team-tourn"]
[EventRounds "7"]
[EventCountry "FIN"]
[SourceTitle "EXT 2019"]
[Source "ChessBase"]
[SourceDate "2018.10.10"]
[SourceVersion "1"]
[SourceVersionDate "2018.10.10"]
[SourceQuality "1"]
[WhiteTeam "Helsinki HSK"]
[BlackTeam "Tampere Tammer II"]
[WhiteTeamCountry "FIN"]
[BlackTeamCountry "FIN"]

1. e4 Nf6 2. e5 Nd5 3. d4 d6 4. Nf3 g6 5. c4 Nb6 6. Nc3 Bg7 7. Be3 Nc6 8. e6 fxe6 9. h4 e5 10. d5 Na5 11. h5 c6 12. hxg6 hxg6 13. Rxh8+ Bxh8 14. Ng5 e6 15. dxc6 bxc6 16. c5 Nd5 17. Nce4 Nb7 18. Qf3 Kd7 19. Nf7 Qg8 20. Nxh8 Qxh8 21. Qf7+ Ne7 22. cxd6 1-0

[Event "FIN-chT1 West 1213"]
[Site "Finland"]
[Date "2013.01.12"]
[Round "5.3"]
[White "Pessi, Juha"]
[Black "Kivimaki, Jaakko"]
[Result "0-1"]
[WhiteElo "2088"]
[BlackElo "2198"]
[PlyCount "108"]
[EventDate "2012.09.29"]
[EventType "team-tourn"]
[EventRounds "7"]
[EventCountry "FIN"]
[SourceTitle "EXT 2019"]
[Source "ChessBase"]
[SourceDate "2018.10.10"]
[SourceVersion "1"]
[SourceVersionDate "2018.10.10"]
[SourceQuality "1"]
[WhiteTeam "Tampere Tammer III"]
[BlackTeam "Helsinki KS 58"]
[WhiteTeamCountry "FIN"]
[BlackTeamCountry "FIN"]

1. d4 d5 2. c4 dxc4 3. Nf3 c5 4. g3 cxd4 5. Bg2 Nc6 6. 0-0 g6 7. Qa4 Bg7 8. Qxc4 Be6 9. Qb5 Qb6 10. Qxb6 axb6 11. Na3 d3 12. Nb5 Rxa2 13. Rxa2 Bxa2 14. exd3 Nf6 15. Be3 Nd5 16. Ra1 Ndb4 17. Nfd4 Kd7 18. Nxc6 bxc6 19. Nc3 Bd5 20. Bxb6 Bxc3 21. bxc3 Nxd3 22. Bxd5 cxd5 23. Rd1 Nb2 24. Rxd5+ Kc6 25. Rd4 Rb8 26. Ba5 e5 27. Rd8 Rxd8 28. Bxd8 Nd1 29. Bf6 Kd5 30. c4+ Ke6 31. Bg7 Nb2 32. c5 Nd3 33. c6 Kd6 34. Kf1 Kxc6 35. Ke2 e4 36. Bf6 Nb4 37. h4 Nd5 38. Bd4 Kd7 39. Bc5 Ke6 40. Bd4 Ne7 41. Ke3 Kf5 42. f3 Nd5+ 43. Ke2 h5 44. Kf2 Nb4 45. Ba7 Nc6 46. Bb6 exf3 47. Kxf3 Ne5+ 48. Kg2 Kg4 49. Bc7 Nd3 50. Bb8 f5 51. Bc7 f4 52. gxf4 Nxf4+ 53. Kh2 Nd5 54. Bd8 Ne3 0-1

[Event "FIN-chT1 East 1213"]
[Site "Finland"]
[Date "2012.09.29"]
[Round "1.6"]
[White "Pessi, Juha"]
[Black "Broman, Hannu"]
[Result "1-0"]
[WhiteElo "2088"]
[BlackElo "1975"]
[PlyCount "57"]
[EventDate "2012.09.29"]
[EventType "team-tourn"]
[EventRounds "7"]
[EventCountry "FIN"]
[SourceTitle "EXT 2019"]
[Source "ChessBase"]
[SourceDate "2018.10.10"]
[SourceVersion "1"]
[SourceVersionDate "2018.10.10"]
[SourceQuality "1"]
[WhiteTeam "Tampere Tammer II"]
[BlackTeam "Helsinki SSK"]
[WhiteTeamCountry "FIN"]
[BlackTeamCountry "FIN"]

1. d4 Nf6 2. c4 e6 3. Nf3 b6 4. g3 Bb7 5. Bg2 Be7 6. 0-0 0-0 7. Nc3 d5 8. Ne5 Nbd7 9. Qa4 Nxe5 10. dxe5 Ne4 11. Nxe4 dxe4 12. Rd1 Qe8 13. Qc2 Qc6 14. Rd4 Qc5 15. Rd7 Rad8 16. Be3 Qxe5 17. Bf4 Qf6 18. Rxc7 g5 19. Bd2 Bc5 20. e3 Rb8 21. Bc3 Qh6 22. Bxe4 Bc8 23. b4 Bd6 24. Rxa7 Rd8 25. Rd1 Qh5 26. Bf6 Bb7 27. Rxb7 Bxg3 28. Rxd8+ Rxd8 29. Bxd8 1-0

[Event "Heart of Finland op 22nd"]
[Site "Jyvaskyla"]
[Date "2012.07.14"]
[Round "8"]
[White "Sassi, Pekka"]
[Black "Pessi, Juha"]
[Result "1-0"]
[WhiteElo "2060"]
[BlackElo "2106"]
[PlyCount "73"]
[EventDate "2012.07.09"]
[EventType "swiss"]
[EventRounds "9"]
[EventCountry "FIN"]
[SourceTitle "EXT 2022"]
[Source "ChessBase"]
[SourceDate "2021.10.06"]
[SourceVersion "1"]
[SourceVersionDate "2021.10.06"]
[SourceQuality "1"]

1. c4 f5 2. g3 Nf6 3. Bg2 g6 4. Nc3 Bg7 5. d3 d6 6. e4 Nc6 7. Nge2 0-0 8. 0-0 e5 9. h3 h6 10. Be3 g5 11. exf5 Bxf5 12. d4 e4 13. g4 Bg6 14. Ng3 Qe7 15. Qa4 Nd8 16. Rfe1 c6 17. d5 cxd5 18. cxd5 Nf7 19. Bd4 Ne5 20. Ngxe4 Nxe4 21. Nxe4 Qf7 22. Qd1 Nf3+ 23. Bxf3 Bxd4 24. Qxd4 Qxf3 25. Ng3 Rf4 26. Qe3 Raf8 27. Qxf3 Rxf3 28. Re2 Bd3 29. Rd2 Kg7 30. Re1 R8f7 31. Rc1 Kf6 32. Rc3 Rxg3+ 33. fxg3 Ba6 34. Rf2+ Kg6 35. Rxf7 Kxf7 36. Kf2 Kf6 37. Re3 1-0

[Event "Heart of Finland op 22nd"]
[Site "Jyvaskyla"]
[Date "2012.07.12"]
[Round "5"]
[White "Pessi, Juha"]
[Black "Chernyak, Viktoria"]
[Result "1/2-1/2"]
[WhiteElo "2106"]
[BlackElo "1887"]
[PlyCount "42"]
[EventDate "2012.07.09"]
[EventType "swiss"]
[EventRounds "9"]
[EventCountry "FIN"]
[SourceTitle "EXT 2022"]
[Source "ChessBase"]
[SourceDate "2021.10.06"]
[SourceVersion "1"]
[SourceVersionDate "2021.10.06"]
[SourceQuality "1"]

1. d4 Nf6 2. c4 g6 3. Nc3 Bg7 4. e4 d6 5. f4 0-0 6. Nf3 c5 7. d5 Bg4 8. Be2 Nbd7 9. 0-0 a6 10. a4 Nh5 11. Be3 Qb6 12. Qd2 Rae8 13. h3 Bxf3 14. Bxf3 Nhf6 15. Bf2 Qb4 16. Qd3 Kh8 17. a5 Nh5 18. Bxh5 gxh5 19. Rfb1 b5 20. cxb5 c4 21. Qd2 axb5 1/2-1/2

[Event "FIN Team Cup"]
[Site "Finland"]
[Date "2012.05.12"]
[Round "3.1"]
[White "Pessi, Juha"]
[Black "Luukkonen, Tommi"]
[Result "0-1"]
[WhiteElo "2114"]
[BlackElo "2260"]
[PlyCount "77"]
[EventDate "2012.03.31"]
[EventType "team-k.o."]
[EventRounds "6"]
[EventCountry "FIN"]
[SourceTitle "EXT 2022"]
[Source "ChessBase"]
[SourceDate "2021.10.06"]
[SourceVersion "1"]
[SourceVersionDate "2021.10.06"]
[SourceQuality "1"]
[WhiteTeam "Tampere Tammer II"]
[BlackTeam "Jyvaskyla JyS"]
[WhiteTeamCountry "FIN"]
[BlackTeamCountry "FIN"]

1. f4 c5 2. Nf3 g6 3. e3 Bg7 4. Be2 d5 5. d3 Nc6 6. 0-0 Nf6 7. Qe1 Qc7 8. Qg3 0-0 9. a4 a6 10. Nc3 d4 11. Ne4 Nd5 12. exd4 cxd4 13. Bd2 Qb6 14. Rab1 Bd7 15. Kh1 Ncb4 16. c3 Nc2 17. a5 Qa7 18. Ne5 Bf5 19. c4 Nf6 20. Bf3 Rad8 21. Rfc1 Ne3 22. Bb4 Bxe4 23. dxe4 Rfe8 24. Nd3 Rc8 25. Qh3 h5 26. b3 e6 27. Qh4 Nd7 28. h3 e5 29. f5 Bf6 30. Qf2 gxf5 31. Rg1 Kh7 32. Bxh5 fxe4 33. Qd2 exd3 34. Bxf7 e4 35. Qf2 Qb8 36. g4 Kg7 37. Bxe8 Rxe8 38. g5 Be7 39. h4 0-1

[Event "FIN-chT1A 1112"]
[Site "Finland"]
[Date "2012.01.14"]
[Round "5.3"]
[White "Linqvist, Grels"]
[Black "Pessi, Juha"]
[Result "1-0"]
[WhiteElo "2003"]
[BlackElo "2135"]
[PlyCount "97"]
[EventDate "2011.09.17"]
[EventType "team-tourn"]
[EventRounds "7"]
[EventCountry "FIN"]
[SourceTitle "EXT 2019"]
[Source "ChessBase"]
[SourceDate "2018.10.10"]
[SourceVersion "1"]
[SourceVersionDate "2018.10.10"]
[SourceQuality "1"]
[WhiteTeam "Vaasa VSS"]
[BlackTeam "Tampere Tammer II"]
[WhiteTeamCountry "FIN"]
[BlackTeamCountry "FIN"]

1. c4 f5 2. d4 Nf6 3. g3 g6 4. Bg2 Bg7 5. Nc3 0-0 6. Nf3 d6 7. 0-0 Nc6 8. d5 Na5 9. Qd3 e5 10. dxe6 Bxe6 11. b3 Nc6 12. Rb1 a5 13. Ng5 Bd7 14. f4 Qe7 15. Re1 Nb4 16. Qd2 h6 17. Nh3 Bc6 18. Nf2 Rae8 19. a3 Na6 20. b4 axb4 21. axb4 Bxg2 22. Kxg2 Qe6 23. Qd3 c5 24. Nd5 Nxd5 25. cxd5 Qd7 26. Bd2 Qa4 27. e4 Nxb4 28. Bxb4 cxb4 29. exf5 Rxe1 30. Rxe1 gxf5 31. Qc4 Rf7 32. Nd3 Bc3 33. Re6 Kg7 34. Rxd6 Qd1 35. Ne5 Bxe5 36. fxe5 f4 37. Qe4 Qg4 38. Qf3 Qf5 39. e6 Rc7 40. Rd7+ Rxd7 41. exd7 Qxd7 42. gxf4 Qb5 43. Qe4 b3 44. Qe7+ Kg6 45. Qe6+ Kg7 46. f5 b2 47. f6+ Kg6 48. f7+ Kg5 49. f8Q 1-0

[Event "FIN-chT1A 1112"]
[Site "Finland"]
[Date "2011.11.19"]
[Round "3.5"]
[White "Agopov, Vladimir"]
[Black "Pessi, Juha"]
[Result "1-0"]
[WhiteElo "2000"]
[BlackElo "2135"]
[PlyCount "57"]
[EventDate "2011.09.17"]
[EventType "team-tourn"]
[EventRounds "7"]
[EventCountry "FIN"]
[SourceTitle "EXT 2019"]
[Source "ChessBase"]
[SourceDate "2018.10.10"]
[SourceVersion "1"]
[SourceVersionDate "2018.10.10"]
[SourceQuality "1"]
[WhiteTeam "Helsinki KSK"]
[BlackTeam "Tampere Tammer II"]
[WhiteTeamCountry "FIN"]
[BlackTeamCountry "FIN"]

1. Nf3 f5 2. c4 Nf6 3. Nc3 e6 4. g3 Be7 5. Bg2 0-0 6. 0-0 d6 7. d4 Qe8 8. Qc2 Qg6 9. Bg5 c6 10. e4 fxe4 11. Nxe4 Na6 12. Rae1 Bd7 13. Qb3 Rab8 14. Bxf6 gxf6 15. c5 d5 16. Nd6 Nc7 17. Bh3 b6 18. Qe3 Kh8 19. Kg2 bxc5 20. Nh4 Qh5 21. dxc5 Bxd6 22. cxd6 Nb5 23. a4 Nxd6 24. Qxa7 Rb7 25. Qc5 Rg8 26. Qxd6 Qxh4 27. Bxe6 Bxe6 28. Qxe6 Rxb2 29. Qxg8+ 1-0

[Event "Heart of Finland op 20th"]
[Site "Jyvaskyla"]
[Date "2010.07.09"]
[Round "7"]
[White "Pessi, Juha"]
[Black "Norri, Joose"]
[Result "0-1"]
[WhiteElo "2160"]
[BlackElo "2339"]
[PlyCount "55"]
[EventDate "2010.07.05"]
[EventType "swiss"]
[EventRounds "9"]
[EventCountry "FIN"]
[SourceTitle "CBM 137 Extra"]
[Source "ChessBase"]
[SourceDate "2010.09.01"]
[SourceVersion "1"]
[SourceVersionDate "2010.09.01"]
[SourceQuality "1"]

1. d4 Nf6 2. c4 e6 3. g3 c5 4. d5 exd5 5. cxd5 b5 6. Bg2 d6 7. a4 b4 8. Nd2 Ba6 9. b3 Nbd7 10. Bb2 g6 11. Nh3 Bg7 12. 0-0 0-0 13. Re1 Re8 14. Nc4 Bxc4 15. bxc4 Ne4 16. Bxg7 Kxg7 17. Qd3 Nc3 18. f4 Qf6 19. e3 Rab8 20. g4 Nb6 21. a5 Nba4 22. g5 Qf5 23. e4 Qg4 24. Qe3 Rxe4 25. Qd3 Ree8 26. Rac1 Nb2 27. Qf1 Nba4 28. Qd3 0-1

[Event "FIN-chT 0809 qual"]
[Site "Finland"]
[Date "2009.??.??"]
[Round "6.6"]
[White "Pessi, Juha"]
[Black "Sipila, Vilka"]
[Result "1-0"]
[WhiteElo "2163"]
[BlackElo "2036"]
[PlyCount "65"]
[EventDate "2009.??.??"]
[EventType "team-match"]
[EventRounds "1"]
[EventCountry "FIN"]
[SourceTitle "EXT 2022"]
[Source "ChessBase"]
[SourceDate "2021.10.06"]
[SourceVersion "1"]
[SourceVersionDate "2021.10.06"]
[SourceQuality "1"]
[WhiteTeam "Tampere Tammer II"]
[BlackTeam "Turku TS"]
[WhiteTeamCountry "FIN"]
[BlackTeamCountry "FIN"]

1. f4 d5 2. Nf3 g6 3. e3 Bg7 4. Be2 Bg4 5. 0-0 e6 6. d3 Ne7 7. c3 c5 8. Qe1 Bxf3 9. Bxf3 Nbc6 10. e4 0-0 11. Qh4 b5 12. g4 f5 13. gxf5 exf5 14. e5 b4 15. Kh1 a5 16. Qf2 Qb6 17. Nd2 Rfd8 18. Nb3 bxc3 19. bxc3 d4 20. cxd4 cxd4 21. Ba3 Nd5 22. Rac1 Bf8 23. Bd6 Ndb4 24. Qg2 Rac8 25. a3 Nxd3 26. Rxc6 Rxc6 27. Bxc6 Bxd6 28. Qd5+ Kf8 29. exd6 Qa6 30. Bb5 Nxf4 31. Rxf4 Qc8 32. Bc4 Rd7 33. Qg8# 1-0

[Event "FIN-chT qual"]
[Site "Finland"]
[Date "2007.03.31"]
[Round "1"]
[White "Pihlajasalo, Hannu"]
[Black "Pessi, Juha"]
[Result "1/2-1/2"]
[WhiteElo "2232"]
[BlackElo "2165"]
[PlyCount "21"]
[EventDate "2007.03.31"]
[EventType "team-match"]
[EventRounds "1"]
[EventCountry "FIN"]
[SourceTitle "CBM 117 Extra"]
[Source "ChessBase"]
[SourceDate "2007.05.09"]
[SourceVersion "1"]
[SourceVersionDate "2007.05.09"]
[SourceQuality "1"]

1. d4 f5 2. c4 Nf6 3. Nc3 e6 4. e3 Be7 5. f4 d6 6. Nf3 0-0 7. Bd3 Nc6 8. 0-0 Qe8 9. a3 Qh5 10. e4 e5 11. dxe5 1/2-1/2

[Event "FIN-chT 0405"]
[Site "Finland"]
[Date "2004.11.14"]
[Round "5.5"]
[White "Pessi, Juha"]
[Black "Kivijarvi, Juha"]
[Result "0-1"]
[WhiteElo "2180"]
[BlackElo "2195"]
[PlyCount "86"]
[EventDate "2004.09.18"]
[EventType "team-tourn"]
[EventRounds "9"]
[EventCountry "FIN"]
[SourceTitle "EXT 2022"]
[Source "ChessBase"]
[SourceDate "2021.10.06"]
[SourceVersion "1"]
[SourceVersionDate "2021.10.06"]
[SourceQuality "1"]
[WhiteTeam "Tampere Taraus"]
[BlackTeam "Salo SK"]
[WhiteTeamCountry "FIN"]
[BlackTeamCountry "FIN"]

1. d4 f5 2. Nf3 Nf6 3. g3 g6 4. Bg2 Bg7 5. 0-0 0-0 6. c3 d6 7. a4 e6 8. Qb3 Nc6 9. Nbd2 Qe7 10. Nc4 Kh8 11. Bf4 Nh5 12. Bg5 Qf7 13. Rad1 h6 14. Bc1 e5 15. d5 Ne7 16. Na3 a6 17. c4 g5 18. c5 dxc5 19. Qc2 e4 20. Ne1 Nxd5 21. Qxc5 Be6 22. Nec2 b6 23. Qc6 Rad8 24. Nd4 Rd6 25. Qb7 Bc8 26. Qa7 Nb4 27. Ndc2 Nc6 28. Qa8 Qd7 29. Ne3 Nd4 30. Nac4 Nxe2+ 31. Kh1 Rxd1 32. Rxd1 Qxa4 33. Qd5 Nf6 34. Qd2 Nxc1 35. Rxc1 Qe8 36. b4 f4 37. Nd1 Ng4 38. h3 Qh5 39. Kg1 e3 40. Qe2 exf2+ 41. Nxf2 Nf6 42. g4 Qe8 43. Ne5 Nd7 0-1